Proceedings. (Record no. 77931)

MARC details
000 -LEADER
fixed length control field 01211cam a22002651 4500
001 - CONTROL NUMBER
control field sa 68001418
003 - CONTROL NUMBER IDENTIFIER
control field DLC
005 - DATE AND TIME OF LATEST TRANSACTION
control field 20260227112433.0
008 - FIXED-LENGTH DATA ELEMENTS--GENERAL INFORMATION
fixed length control field 710903s1955 ii abef b 100 0 eng
010 ## - LIBRARY OF CONGRESS CONTROL NUMBER
LC control number sa 68001418
040 ## - CATALOGING SOURCE
Original cataloging agency DLC
Transcribing agency DLC
Modifying agency DLC
050 00 - LIBRARY OF CONGRESS CALL NUMBER
Classification number TH153
Item number .S9 1952
111 2# - MAIN ENTRY--MEETING NAME
Meeting name or jurisdiction name as entry element Symposium on Scientific Principles and Their Application in Tropical Building Design and Construction,
Location of meeting Delhi,
Date of meeting or treaty signing 1952.
245 00 - TITLE STATEMENT
Title Proceedings.
260 ## - PUBLICATION, DISTRIBUTION, ETC.
Place of publication, distribution, etc. New Delhi,
Name of publisher, distributor, etc. National Institute of Sciences of India,
Date of publication, distribution, etc. 1955.
300 ## - PHYSICAL DESCRIPTION
Extent xxxi, 392 p.
Other physical details illus., maps, plans, plates.
Dimensions 25 cm.
490 1# - SERIES STATEMENT
Series statement National Institute of Sciences of India. Bulletin,
Volume/sequential designation no. 6
500 ## - GENERAL NOTE
General note Cover title.
500 ## - GENERAL NOTE
General note Organized by the National Institute of Sciences of India in collaboration with the UNESCO Science Co-operation Office for South Asia.
504 ## - BIBLIOGRAPHY, ETC. NOTE
Bibliography, etc. note "Select list of periodicals [and publications] on buildings and allied subjects, compiled by INSDOC": p. [348]-357.
650 #0 - SUBJECT ADDED ENTRY--TOPICAL TERM
Topical term or geographic name entry element Buildings
General subdivision Tropic
-- Congresses.
710 2# - ADDED ENTRY--CORPORATE NAME
Corporate name or jurisdiction name as entry element National Institute of Sciences of India.
710 2# - ADDED ENTRY--CORPORATE NAME
Corporate name or jurisdiction name as entry element Unesco.
Subordinate unit South Asia Science Co-operation Office.
830 #0 - SERIES ADDED ENTRY--UNIFORM TITLE
Uniform title Bulletin of the National Institute of Sciences of India ;
Volume/sequential designation no. 6.

No items available.

Powered by Koha